000 00308nam a2200133 i 4500
001 bg
100 1 _aSADOWSKI, Jerzy
245 0 _aAkustyka architektoniczna /
_cJerzy Sadowski.
260 _aWarszawa,
_c1976.
040 _cBPK
041 _apol
942 _cKS
008 s pl f |000 0 pol
999 _c17154
_d17154
856 _uhttp://koha.tu.koszalin.pl/cgi-bin/koha/opac-detail.pl?biblionumber=17154
_yKatalog online BPK